Statistics for Top 25 NBA Players 2022

Click here to take the quiz!

General Stats

  • This quiz has been taken 370 times
  • The average score is 24 of 25

Answer Stats

HintAnswer% Correct
BucksGiannis Antetokounmpo
100%
NetsKevin Durant
100%
LakersLebron James
100%
MavericksLuka Doncic
99%
SunsChris Paul
98%
Trail BlazersDamian Lillard
98%
SunsDevin Booker
98%
HeatJimmy Butler
98%
76ersJoel Embiid
98%
ClippersKawhi Leonard
98%
NuggetsNikola Jokic
98%
HawksTrae Young
98%
LakersAnthony Davis
97%
NetsJames Harden
97%
GrizzliesJa Morant
97%
NetsKyrie Irving
97%
ClippersPaul George
97%
WarriorsStephen Curry
97%
WizardsBradley Beal
96%
HornetsLamelo Ball
96%
PelicansZion Williamson
96%
BucksKhris Middleton
95%
HeatBam Adebayo
94%
CelticsJayson Tatum
93%
JazzDonovan Mitchell
92%

Score Distribution

Percentile by Number Answered

Percent of People with Each Score

Your Score History

You have not taken this quiz